Пам’ятні книги Волинської губернії — джерело краєзнавчих знань з історії Острога та населених пунктів Острожчини (Запис № 458400)

МАРК-запис
000 -Лідер
fixed length control field 00820caa a22002057a 4500
001 - Контрольний номер
control field 5148669
003 - Ідентифікатор контрольного номера
control field UA-OsUOA
005 - Дата та час останнього входження (трансакції)
control field 20200303152520.0
008 - Елементи даних фіксованої довжини – загальна інформація
fixed length control field 200303b un ||||| |||| 00| 0 ukr d
040 ## - Джерело каталогізації
Агенція оригінальної каталогізації UA-OsUOA
Мова каталогізації ukr
Агенція, яка здійснювала перезапис UA-OsUOA
Агенція, яка здійснювала модифікацію UA-OsUOA
041 ## - Код мови
Код мови тексту/ звукової доріжки чи окремого заголовка (П) ukr
080 ## - Індекс Універсальної десяткової класифікації
Індекс Універсальної десяткової класифікації (УДК) (НП) 908
090 ## - Локальний шифр розміщення
Класифікаційний індекс УДК 908
100 ## - Основне введення – ім’я особи
Ім’я особи (НП) Скавронський П.
245 ## - Відомості про назву
Назва (НП) Пам’ятні книги Волинської губернії — джерело краєзнавчих знань з історії Острога та населених пунктів Острожчини
Дані про відповідальність (НП) П. Скавронський
300 ## - Фізичний опис
Обсяг С. 169–175
650 ## - Додаткове предметне введення – тематичний термін
Джерело заголовка чи терміна UDC
773 0# - Введення хост-одиниці (П)
Бібліонома 399317
Host Itemnumber 416565
Місце, видавець та дата видання (НП) Острог НаУОА 2013
Інший ідентифікатор одиниці опису 148880
Назва (НП) Острозький краєзнавчий збірник
Контрольний номер запису (П) (UA-OsUOA) 113460
942 ## - Додаткові елементи входу (Коха)
Source of classification or shelving scheme Universal Decimal Classification
Тип елемента Koha Складова частина документа

Немає доступних примірників.